[Event "World Blitz"]
[Site "Moscow RUS"]
[Date "2009.11.17"]
[Round "23"]
[White "Svidler,P"]
[Black "Tkachiev,V"]
[Result "1-0"]
[WhiteElo "2754"]
[BlackElo "2642"]

1.c4 g6 2.Nf3 Bg7 3.g3 Nf6 4.Bg2 O-O 5.Nc3 d6 6.d4 c5 7.O-O Nc6 8.d5 Na5
9.Nd2 e5 10.a3 b6 11.b4 Nb7 12.Bb2 Bd7 13.Qc2 Rc8 14.Qd3 Nh5 15.f4 f5 16.e3 Re8
17.Rfe1 cxb4 18.axb4 a5 19.bxa5 bxa5 20.Ba3 exf4 21.exf4 Qb6+ 22.Kh1 Nc5
23.Qc2 a4 24.Rab1 Qa5 25.Rxe8+ Rxe8 26.Bb4 Qa7 27.Nb5 Bxb5 28.cxb5 a3 29.b6 Qxb6
30.Bxa3 Qa6 31.Bxc5 Rc8 32.Qc4 Qa8 33.Qe2 Rxc5 34.Qe6+ Kh8 35.Qxd6 Rc8 36.Nf3 Nf6
37.Ng5 Qa2 38.Re1 Qd2 39.Qe6 Rf8 40.d6 Ne4 41.Nf3 Qxd6 42.Rxe4  1-0

[Event "World Youth U18"]
[Site "Antalya TUR"]
[Date "2009.11.20"]
[Round "9"]
[White "Balog,I1"]
[Black "Janev,T"]
[Result "1-0"]
[WhiteElo "2491"]
[BlackElo "2335"]

1.Nf3 Nf6 2.c4 g6 3.g3 Bg7 4.Bg2 O-O 5.d4 d6 6.O-O Nbd7 7.Nc3 c6 8.b3 Re8
9.Ba3 Rb8 10.Ne1 b5 11.cxb5 cxb5 12.Nc2 Bb7 13.Bxb7 Rxb7 14.Qd3 Qb8 15.Bb4 Rc8
16.Rac1 Nb6 17.Ba5 Bh6 18.f4 a6 19.Nb4 Nbd7 20.Ne4 Rxc1 21.Rxc1 Bf8 22.Rc6 Ra7
23.Nxf6+ Nxf6 24.Qc2 Qe8 25.Rc7 Rxc7 26.Qxc7 e5 27.dxe5 dxe5 28.Qxe5 Qxe5
29.fxe5 Bxb4 30.Bxb4 Nd5 31.Bd2 Kf8 32.Kf2 Ke7 33.Kf3 Kd7 34.Ke4 Kc6 35.e6 f6
36.Kd4 Kd6 37.e7 Nxe7 38.Bb4+ Ke6 39.Bxe7 Kxe7 40.Kc5  1-0

[Event "FSGM November"]
[Site "Budapest HUN"]
[Date "2009.11.20"]
[Round "14"]
[White "Varga,Zo"]
[Black "Csiba,D"]
[Result "1/2-1/2"]
[WhiteElo "2486"]
[BlackElo "2329"]

1.Nf3 Nf6 2.c4 g6 3.g3 Bg7 4.Bg2 O-O 5.O-O c6 6.Nc3 d5 7.cxd5 cxd5 8.d4 Nc6
9.Ne5 Bd7 10.Bg5 Re8 11.Bxf6 Bxf6 12.Nxd5 Bg7 13.Nxc6 Bxc6 14.Qb3 e6 15.Nc3 Bxd4  1/2-1/2

[Event "New Years All-Ukrainian Open"]
[Site "Poltava UKR"]
[Date "2009.12.05"]
[Round "3"]
[White "Pavlov,S2"]
[Black "Korobov,A"]
[Result "0-1"]
[WhiteElo "2477"]
[BlackElo "2642"]

1.c4 Nf6 2.Nf3 g6 3.g3 Bg7 4.Bg2 O-O 5.Nc3 Nc6 6.d4 a6 7.d5 Na5 8.c5 d6 9.Qa4 b6
10.cxb6 cxb6 11.Nd4 Bd7 12.Qd1 Rc8 13.O-O b5 14.Nc2 Nc4 15.Rb1 Qa5 16.a3 h5
17.h3 Qb6 18.Qd3 a5 19.Bf4 b4 20.axb4 axb4 21.Nd1 Rc5 22.Nde3 Rfc8 23.Nxc4 Rxc4
24.Be3 Qb7 25.Nd4 R4c5 26.Nb3 Rxd5 27.Bxd5 Nxd5 28.Rbc1 Nxe3 29.Qxe3 Rxc1
30.Rxc1 Bxh3 31.f3 Bxb2 32.Rc4 Bc3 33.g4 hxg4 34.Qh6 gxf3 35.Qxh3 fxe2  0-1

[Event "FSIM December"]
[Site "Budapest HUN"]
[Date "2009.12.06"]
[Round "2"]
[White "Stigar,P"]
[Black "Toth,E"]
[Result "0-1"]
[WhiteElo "2269"]
[BlackElo "2388"]

1.Nf3 Nf6 2.c4 g6 3.g3 Bg7 4.Bg2 O-O 5.d4 d6 6.O-O Nbd7 7.Nc3 e5 8.e4 exd4
9.Nxd4 Nc5 10.h3 Re8 11.Re1 c6 12.Bf4 Nh5 13.Be3 a5 14.Qc2 a4 15.Rad1 Qa5
16.g4 Nf6 17.Bf4 h5 18.f3 hxg4 19.hxg4 Ne6 20.Nxe6 Bxe6 21.Bxd6 Nd7 22.Ne2 Qb6+
23.Kf1 Qxb2 24.Rd2 a3 25.Rb1 Qxc2 26.Rxc2 Ra4 27.Rxb7 Ne5 28.Bxe5 Bxe5 29.f4 Bb2
30.e5 Rd8 31.Bxc6 Rxc4 32.Rxc4 Bxc4  0-1

[Event "Open"]
[Site "Figueira da Foz POR"]
[Date "2009.12.06"]
[Round "9"]
[White "Romanishin,O"]
[Black "Rotstein,A"]
[Result "1/2-1/2"]
[WhiteElo "2503"]
[BlackElo "2534"]

1.Nf3 Nf6 2.g3 g6 3.Bg2 Bg7 4.c4 O-O 5.O-O d6 6.d4 Nbd7 7.Nc3 e5 8.e4 Re8
9.h3 a6 10.dxe5 Nxe5 11.Nxe5 dxe5 12.Qxd8 Rxd8 13.Nd5 Nxd5 14.cxd5 Bd7 15.Be3  1/2-1/2

[Event "Tch-SLO League"]
[Site "Rogaska Slatina SLO"]
[Date "2009.12.11"]
[Round "1"]
[White "Dizdar,G"]
[Black "Markus,Rob"]
[Result "1/2-1/2"]
[WhiteElo "2558"]
[BlackElo "2616"]

1.Nf3 Nf6 2.c4 g6 3.g3 Bg7 4.Bg2 O-O 5.O-O d6 6.d4 Nbd7 7.Nc3 e5 8.e4 a6
9.h3 exd4 10.Nxd4 Re8 11.Re1 Rb8 12.Rb1 Ne5 13.b3 c5 14.Nc2 Be6 15.Bb2 Nc6
16.Nd5 Nd7 17.Bxg7 Kxg7 18.Qd2 b5 19.cxb5 axb5 20.Nde3 Rb6 21.f4 f6 22.a3 b4
23.Nd5 Rb8 24.axb4 cxb4 25.Kh2 Nc5 26.Nce3 Ne7 27.Nxf6 Kxf6 28.Qd4+ Kf7 29.f5 gxf5
30.exf5 Nxf5 31.Rf1 Qf6 32.Nxf5 Qxd4 33.Nxd4+ Kg7 34.Rf4 Bd7 35.Rbf1 Rf8
36.Bd5 Rxf4 37.Rxf4 Rf8 38.Rxf8 Kxf8 39.Nc2 Be8 40.Nxb4  1/2-1/2

[Event "ch-IND National A"]
[Site "Mumbai IND"]
[Date "2009.12.13"]
[Round "12"]
[White "Thejkumar,M"]
[Black "Girinath,P"]
[Result "1/2-1/2"]
[WhiteElo "2453"]
[BlackElo "2378"]

1.Nf3 Nf6 2.c4 g6 3.g3 Bg7 4.Bg2 O-O 5.O-O d6 6.Nc3 Nc6 7.Rb1 a5 8.a3 e5
9.d3 h6 10.b4 axb4 11.axb4 Be6 12.b5 Ne7 13.Qc2 Qd7 14.Rd1 Bh3 15.Bh1 Bg4
16.Bg2 Bh3 17.Bh1 Bg4 18.Bg2 Bh3  1/2-1/2

[Event "ch-VIE Men Masters"]
[Site "Ho Chi Minh City VIE"]
[Date "2009.12.16"]
[Round "9"]
[White "Nguyen Van Huy"]
[Black "Nguyen Van Hai"]
[Result "1/2-1/2"]
[WhiteElo "2414"]
[BlackElo "2249"]

1.Nf3 Nf6 2.c4 g6 3.g3 Bg7 4.Bg2 O-O 5.O-O c6 6.Nc3 d5 7.cxd5 cxd5 8.d4 Nc6
9.Ne5 Be6 10.Nxc6 bxc6 11.Bf4 Nh5 12.Be3 Rb8 13.Na4 Nf6  1/2-1/2

[Event "16th Open A"]
[Site "Zadar CRO"]
[Date "2009.12.16"]
[Round "6"]
[White "Platzgummer,F"]
[Black "Zufic,M"]
[Result "1-0"]
[WhiteElo "2380"]
[BlackElo "2453"]

1.Nf3 Nf6 2.c4 g6 3.g3 Bg7 4.Bg2 O-O 5.O-O d6 6.d4 c6 7.Nc3 Qa5 8.e4 e5 9.h3 exd4
10.Nxd4 Qc5 11.Nde2 Qxc4 12.Qxd6 Na6 13.Be3 Re8 14.Rad1 Nd7 15.Rfe1 Nb6 16.Bd4 Qe6
17.Qf4 Nc4 18.Bxg7 Kxg7 19.b3 Ne5 20.Qe3 f6 21.f4 Nf7 22.Kh1 Qe7 23.Rd2 Nc5
24.Nd4 a5 25.Nf3 Bf5 26.Rde2 Bd7 27.e5 fxe5 28.Nxe5 Nxe5 29.Qd4 Kg8 30.Rxe5 Qf8
31.R1e2 b6 32.Rxc5 Qxc5 33.Qxd7 Rxe2 34.Nxe2 Rf8 35.Bxc6 Qe3 36.Qd5+ Kg7
37.Bb5 Kh6 38.Kg2 Rf5 39.Qd3 Qc5 40.Nc3 Rf7 41.Bc4 Re7 42.Ne4 Qa3 43.Qd5 Qb2+
44.Kf3 Kg7 45.Qg8+ Kh6 46.Qf8+ Qg7 47.Qxg7+ Kxg7 48.a4 Rd7 49.g4 Rd1 50.f5 gxf5
51.gxf5 Rh1 52.f6+ Kg6 53.f7 Kg7 54.Kg4 Rg1+ 55.Kf5 Rh1 56.Ng5 Rh2 57.Ke6  1-0

[Event "Christamas Open Masters"]
[Site "Zurich SUI"]
[Date "2009.12.26"]
[Round "1"]
[White "Romanishin,O"]
[Black "Saering,P"]
[Result "1-0"]
[WhiteElo "2510"]
[BlackElo "2134"]

1.Nf3 Nf6 2.g3 g6 3.Bg2 Bg7 4.c4 O-O 5.d4 d5 6.cxd5 Nxd5 7.O-O Nc6 8.e4 Nb6
9.d5 Na5 10.Nc3 Bd7 11.Bg5 h6 12.Bf4 Nac4 13.b3 Bxc3 14.Rc1 Nb2 15.Qe2 Bg7
16.Be5 N2a4 17.bxa4 Bxa4 18.Qb2 Bxe5 19.Nxe5 Qd6 20.Ng4 h5 21.e5 Qd8 22.Ne3 Rc8
23.e6 f6 24.f4 c6 25.f5 Nxd5 26.Bxd5 cxd5 27.Rxc8 Qxc8 28.Qb4 Qc6 29.fxg6 Qxe6
30.Qf4 Kg7 31.Nf5+ Kxg6 32.Qh6+ Kf7 33.Qxh5+  1-0

[Event "IX Gema Open"]
[Site "Mondariz ESP"]
[Date "2009.12.27"]
[Round "3"]
[White "Rodriguez Lopez,Ra"]
[Black "Andias,J"]
[Result "0-1"]
[WhiteElo "2323"]
[BlackElo "1800"]

1.Nf3 Nf6 2.c4 g6 3.g3 Bg7 4.Bg2 O-O 5.O-O d6 6.d4 Nc6 7.Nc3 e5 8.d5 Ne7
9.e4 Ne8 10.b4 f5 11.a4 f4 12.Ba3 Bh6 13.Nd2 g5 14.c5 g4 15.Re1 Ng6 16.b5 Qg5
17.Nc4 Rf6 18.a5 Bf8 19.b6 h5 20.bxc7 h4 21.cxd6 f3 22.Bf1 hxg3 23.hxg3 Qh5
24.Ne3 Nf4 25.gxf4 Rh6 26.Bg2 Qh2+ 27.Kf1 Qh1+  0-1

[Event "Schachtuerken-Cup A"]
[Site "Paderborn GER"]
[Date "2009.12.27"]
[Round "1"]
[White "Nohr,J"]
[Black "Gutman,L"]
[Result "0-1"]
[WhiteElo "2035"]
[BlackElo "2448"]

1.Nf3 Nf6 2.c4 g6 3.g3 Bg7 4.Bg2 O-O 5.Nc3 d5 6.cxd5 Nxd5 7.O-O c6 8.e4 Nc7
9.d4 Bg4 10.Be3 Nd7 11.h3 Bxf3 12.Qxf3 Nb6 13.Rad1 Nc4 14.b3 Nxe3 15.Qxe3 e6
16.f4 Qe7 17.e5 Rfd8 18.g4 f5 19.Rf2 Rd7 20.Rfd2 Qh4 21.Qf2 Qxf2+ 22.Kxf2 Bf8
23.a4 a5 24.Rd3 Bb4 25.Na2 Be7 26.g5 h6 27.h4 Kg7 28.Nc3 Na6 29.Na2 Rad8
30.Ke2 Rh8 31.Rh1 Bd8 32.Kd2 Bb6 33.Kc3 Nc7 34.Nc1 hxg5 35.hxg5 Rxh1 36.Bxh1 Rd8
37.Ne2 Rh8 38.Bg2 Rh2 39.Rg3 Na6 40.Kd2 Nb4 41.Kc3 Kf7 42.Nc1 c5 43.Nd3 cxd4+
44.Kc4 Nc2 45.Kb5 Bd8 46.Bxb7 Na3+ 47.Ka6 Rc2 48.b4 Rc3 49.Rh3 Kg7 50.b5 Nc2
51.Nf2 Nb4+ 52.Ka7 d3 53.b6  0-1

[Event "15th Open"]
[Site "Bosnjaci CRO"]
[Date "2010.01.04"]
[Round "3"]
[White "Franciskovic,B"]
[Black "Ivekovic,Bo2"]
[Result "1/2-1/2"]
[WhiteElo "2216"]
[BlackElo "2042"]

1.Nf3 Nf6 2.g3 g6 3.Bg2 Bg7 4.c4 O-O 5.Nc3 d6 6.d4 c5 7.O-O Nc6 8.d5 Na5
9.Nd2 e6 10.e4 exd5 11.cxd5 a6 12.Rb1 b5 13.b3 b4 14.Na4 Nd7 15.Qc2 Nb6 16.Nxb6 Qxb6
17.Bb2 f6 18.Kh1 Bd7 19.f4 Rac8 20.Ba1 Bb5 21.Nc4 Nxc4 22.bxc4 Bd7 23.Qe2 Rce8
24.g4 Re7 25.h3 Rfe8 26.Qf2 a5 27.Qh4 Rf7 28.Rbe1 Qa6 29.e5 fxe5 30.fxe5 Rxf1+
31.Rxf1 dxe5 32.Qf2 Qd6 33.Qe3 a4 34.Be4 Rf8 35.Re1 Rb8 36.Bc2 Re8 37.Kg2 Kh8  1/2-1/2

[Event "ch-NZL"]
[Site "Auckland NZL"]
[Date "2010.01.07"]
[Round "6"]
[White "Nijman,B"]
[Black "Gunn,N"]
[Result "1-0"]
[WhiteElo "2165"]
[BlackElo "2040"]

1.Nf3 Nf6 2.c4 g6 3.g3 Bg7 4.Bg2 O-O 5.O-O d6 6.Re1 Nbd7 7.Qc2 e5 8.Nc3 a5
9.d3 Re8 10.e4 c6 11.h3 Nc5 12.Be3 b6 13.d4 Ncd7 14.dxe5 dxe5 15.Rad1 Qc7
16.Na4 Bf8 17.c5 b5 18.Nb6 Rb8 19.Nxc8 Rbxc8 20.Rd2 h6 21.Rc1 Nxc5 22.Bxc5 Bxc5
23.Qxc5 Nxe4 24.Qe3 Nxd2 25.Nxd2 Kg7 26.Rxc6 Qe7 27.Qc3 b4 28.Qe3 Rxc6 29.Bxc6 Rc8
30.Bg2 f5 31.Bf1 Qc5 32.Qe2 Rc7 33.b3 e4 34.Nc4 Rd7 35.Qb2+ Kh7 36.Qf6 Re7
37.h4 e3 38.Nxe3 Qe5 39.Qxe5 Rxe5 40.Bc4 g5 41.hxg5 hxg5 42.Bd3 Kg8 43.Bxf5 Kf7
44.Bd3 Rc5 45.Bc4+ Kg6 46.Kg2 Rc7 47.Bd3+ Kh6 48.Nc4 Ra7 49.g4 a4 50.Kf3 axb3
51.axb3 Rf7+ 52.Ke3 Re7+ 53.Be4 Rd7 54.Nb2 Kg7 55.Nd3  1-0

[Event "ch-NZL"]
[Site "Auckland NZL"]
[Date "2010.01.12"]
[Round "11"]
[White "Lim,B"]
[Black "Gunn,N"]
[Result "1/2-1/2"]
[WhiteElo "2075"]
[BlackElo "2040"]

1.Nf3 Nf6 2.c4 g6 3.g3 Bg7 4.Bg2 O-O 5.O-O d6 6.Nc3 e5 7.d3 Nc6 8.e4 a6 9.Rb1 Rb8
10.b4 b5 11.a3 Bg4 12.h3 Be6 13.Nd5 Qd7 14.Ng5 Nd4 15.f4 c6 16.fxe5 Nh5 17.Nf6+ Nxf6
18.exf6 Bh8 19.Be3 c5 20.Bxd4 cxd4 21.c5 h6 22.Nxe6 fxe6 23.cxd6 Bxf6 24.Qg4 Kg7
25.Rxf6 Rxf6 26.e5 Rf5 27.Qxd4 Rc8 28.Rf1 Rxf1+ 29.Bxf1 Rc1 30.h4 Qf7 31.Qf2 Qxf2+
32.Kxf2 Kf7 33.Bh3 Rc3 34.Ke3 Rxa3 35.d7 Ke7 36.Bxe6 Ra4 37.d4 Rxb4 38.d5 Rb3+
39.Kf4 Rb4+ 40.Ke3 Rb3+ 41.Kf4 Rb4+ 42.Ke3 Rb3+  1/2-1/2

[Event "2nd Kirov Memorial Open"]
[Site "Blagoevgrad BUL"]
[Date "2010.01.12"]
[Round "2"]
[White "Vrban,R"]
[Black "Krastev,KN"]
[Result "1-0"]
[WhiteElo "2005"]
[BlackElo "1825"]

1.Nf3 Nf6 2.c4 g6 3.g3 Bg7 4.Bg2 O-O 5.O-O c6 6.d4 d6 7.Nc3 Re8 8.Qc2 Nbd7
9.b3 e5 10.dxe5 dxe5 11.Rd1 Qc7 12.Ba3 Qa5 13.Bd6 e4 14.b4 Qa6 15.b5 Qa5
16.Nd4 Ng4 17.Nxe4 f5 18.bxc6 fxe4 19.cxd7 Bxd7 20.Bxe4 Ba4 21.Qd2 Qxd2 22.Bd5+ Kh8
23.Rxd2 Rad8 24.Bf4 b5 25.e3 bxc4 26.Bxc4 Ne5 27.Bxe5 Bxe5 28.Rb1 Bc6 29.Rbd1 Ba8
30.Bb5 Re7 31.Bc6 Bxd4 32.Bxa8 Rxa8 33.Rxd4 Kg7 34.Rd8 Rxd8 35.Rxd8 Rb7 36.Ra8 Kf6
37.Kg2 Ke5 38.Kf3 Rf7+ 39.Ke2 Rd7 40.f4+ Kf5 41.Kf3 h5 42.h3 Rf7 43.Re8 Rc7
44.Re5+  1-0

[Event "2nd Kirov Memorial Open"]
[Site "Blagoevgrad BUL"]
[Date "2010.01.13"]
[Round "4"]
[White "Vrban,R"]
[Black "Gochev,M"]
[Result "1-0"]
[WhiteElo "2005"]
[BlackElo "2248"]

1.Nf3 Nf6 2.c4 g6 3.g3 Bg7 4.Bg2 O-O 5.O-O d6 6.d4 Nc6 7.Nc3 a6 8.h3 Rb8
9.Be3 Bd7 10.Rc1 b6 11.Qd2 b5 12.cxb5 axb5 13.Bh6 b4 14.Bxg7 Kxg7 15.Nb1 Qc8
16.Kh2 Qa6 17.d5 Na7 18.Rxc7 Qxa2 19.Nd4 Qa5 20.Rfc1 Rfc8 21.Rxc8 Rxc8 22.Rxc8 Bxc8
23.e4 Qc5 24.Nc2 b3 25.Nd4 Qc4 26.Na3 Qa4 27.Qe3 Ba6 28.Nxb3 Nb5 29.Nxb5 Qxb5
30.Qc3 Qe2 31.Qd2 Qc4 32.Nd4 Nd7 33.Nc6 Nc5 34.e5 Nd3 35.f4 Kf8 36.Qe3 Qc1
37.Qa7 Bc4 38.Qxe7+  1-0

[Event "2nd Kirov Memorial Open"]
[Site "Blagoevgrad BUL"]
[Date "2010.01.14"]
[Round "6"]
[White "Velikov,P"]
[Black "Georgiev,Ki"]
[Result "1/2-1/2"]
[WhiteElo "2433"]
[BlackElo "2672"]

1.Nf3 Nf6 2.c4 g6 3.g3 Bg7 4.Bg2 O-O 5.O-O d6 6.Nc3 e5 7.d3 Nc6 8.Bg5 h6
9.Bxf6 Bxf6 10.Rb1 a5 11.a3 Bg7 12.b4 axb4 13.axb4 Be6 14.Nd5 Ne7 15.Nd2 c6
16.Nxe7+ Qxe7 17.Qc2 d5 18.b5 Rfd8 19.bxc6 bxc6 20.cxd5 cxd5 21.Rb5 Rac8
22.Qb1 Qc7 23.Rd1 Kh7 24.Nf1 f5 25.Ne3 Qf7 26.Rb7 Rd7 27.Rxd7 Qxd7 28.Rc1 e4
29.Rxc8 Qxc8 30.Nf1 Qc3 31.dxe4 dxe4 32.e3 Bc4 33.h4 Be2 34.Nh2 Bd3 35.Qb7 h5
36.Nf1 Qa1 37.Bh3 Qe1 38.Qf7 Qd1 39.Bg2 Kh6 40.Qe7 Be2 41.Qg5+ Kh7 42.Qe7 Qc1
43.Qf7 Qb1 44.Qe7 Bc4 45.Bh3 Qa1 46.Bg2 Be2 47.Qf7 Bg4 48.Qe7 Qd1 49.Qf7 Kh6
50.Qe7 Kh7 51.Qf7 Be2 52.Bh3  1/2-1/2

[Event "2nd Kirov Memorial Open"]
[Site "Blagoevgrad BUL"]
[Date "2010.01.15"]
[Round "7"]
[White "Vachev,V"]
[Black "Gavrilidis,G"]
[Result "1-0"]
[WhiteElo "2145"]
[BlackElo "2100"]

1.Nf3 Nf6 2.c4 g6 3.g3 Bg7 4.Bg2 O-O 5.O-O d6 6.d4 Nc6 7.Nc3 a6 8.h3 Bd7
9.d5 Na5 10.Nd2 c5 11.Rb1 Qc8 12.Kh2 b5 13.b3 Rb8 14.Qc2 e5 15.Bb2 bxc4 16.bxc4 Qc7
17.Ba1 Rb4 18.a3 Rxb1 19.Rxb1 Rb8 20.Nd1 Bh6 21.Rxb8+ Qxb8 22.e3 Qb6 23.f4 Bg7
24.fxe5 dxe5 25.Bc3 Ne8 26.Qb2 Qxb2 27.Nxb2 Nb7 28.Nd3 f6 29.Kg1 Ba4 30.Kf2 Nbd6
31.Bf1 Bc2 32.g4 Nf7 33.Ne1 Bd1 34.Be2 Ba4 35.Bd3 Bd7 36.e4 Bh6 37.Nef3 Bf4
38.Ng1 Ba4 39.Ne2 Bg5 40.Nf3 Ned6 41.h4 Bh6 42.g5 Bg7 43.gxf6 Bxf6 44.Nc1 Bg7
45.Bd2 Ne8 46.Be3 Bf8 47.Nd2 Nf6 48.Kf3 Nd7 49.Ncb3 Bh6 50.Bf2 Bf4 51.Ke2 Bxd2
52.Nxd2 Kg7 53.Ke1 h5 54.Ke2 g5 55.hxg5 Nxg5 56.Nf3 Nh3 57.Bg3 Nf4+ 58.Ke3 Ng6
59.Nh4 Nf6 60.Be2 Nxh4 61.Bxh4 Be8 62.Bg3 Nd7 63.Bf1 Kf6 64.Bh4+ Kg6 65.Bh3 Nf6
66.Bf5+ Kf7 67.Bg3 Ng4+ 68.Bxg4 hxg4 69.Bxe5 Ke7 70.Bg3 Bd7 71.Kf4 Ba4 72.Bf2 Kd6
73.e5+ Kd7 74.Ke3 Kc7 75.Kd3 Kb6 76.e6 g3 77.Bxg3 Bd1 78.d6  1-0

[Event "TCh-AUT 2009-10"]
[Site "Graz AUT"]
[Date "2010.01.15"]
[Round "5"]
[White "Platzgummer,F"]
[Black "Maslik,M"]
[Result "0-1"]
[WhiteElo "2380"]
[BlackElo "2377"]

1.Nf3 Nf6 2.c4 g6 3.g3 Bg7 4.Bg2 O-O 5.O-O c6 6.d4 d5 7.cxd5 cxd5 8.Nc3 Ne4
9.Qb3 Nc6 10.Rd1 Nxc3 11.bxc3 Na5 12.Qb4 b6 13.Qb5 Qd7 14.Qd3 Qf5 15.Nd2 Qxd3
16.exd3 Bg4 17.Re1 e6 18.Bf1 g5 19.h3 Bh5 20.Nb3 Nxb3 21.axb3 Rfc8 22.Bd2 a5
23.Ra2 b5 24.Rea1 b4 25.cxb4 Bxd4 26.bxa5 Bxa1 27.Rxa1 f6 28.b4 Be8 29.a6 Rcb8
30.d4 Kf7 31.Ra5 Ke7 32.b5 Kd6 33.Bb4+ Kc7 34.Bc5 Bd7 35.f4 gxf4 36.gxf4 Rb6
37.Kf2 Rab8 38.Be2 h6 39.h4 h5 40.Kg2 Rxb5 41.a7 Rg8+  0-1

[Event "TCh-AUT 2009-10"]
[Site "Graz AUT"]
[Date "2010.01.15"]
[Round "5"]
[White "Vitouch,A"]
[Black "Gross,Dav GER"]
[Result "1/2-1/2"]
[WhiteElo "2288"]
[BlackElo "2465"]

1.Nf3 Nf6 2.g3 g6 3.Bg2 Bg7 4.c4 O-O 5.d4 d6 6.O-O Nc6 7.Nc3 a6 8.Bd2 Bf5
9.d5 Na5 10.b3 c5 11.dxc6 Nxc6 12.Nh4 Bd7 13.Rc1 Rb8 14.Nd5 a5 15.Bc3 Nxd5
16.cxd5 Nb4 17.Bxg7 Kxg7 18.Qd4+ Kg8 19.a3 Na6 20.Nf3 Nc5 21.Rc3 b5 22.b4 axb4
23.axb4 Na4 24.Rc2 Rc8 25.Rxc8 Bxc8 26.Qe3 Nb6 27.Rd1 Kg7 28.Qc3+ Kg8 29.Nd4 Bd7
30.Nc6 Bxc6 31.Qxc6 Qb8 32.Qxb5 Rc8 33.Ra1 Nc4 34.Qa6 Rc7 35.b5 Rc5 36.Rc1 Qc7
37.Qa8+ Kg7 38.Qa1+ Kg8 39.Qa8+ Kg7 40.Qa1+ Kg8 41.Qd4 Nb6 42.Rxc5 dxc5 43.Qf4 Qxf4
44.gxf4 f5 45.Kf1 Kf7 46.Ke1 Ke8 47.Kd2 Kd7 48.Kc3 Kd6 49.e3 Na4+ 50.Kb3 Nb6
51.Kc3 Na4+ 52.Kb3  1/2-1/2

[Event "Open C"]
[Site "Marianske Lazne CZE"]
[Date "2010.01.20"]
[Round "6"]
[White "Johansson,An"]
[Black "Matras,O"]
[Result "1/2-1/2"]
[WhiteElo "2032"]
[BlackElo "1870"]

1.Nf3 Nf6 2.c4 g6 3.g3 Bg7 4.Bg2 O-O 5.d4 c5 6.O-O cxd4 7.Nxd4 d6 8.Nc3 a6
9.Bd2 Qc7 10.b3 Bd7 11.Rc1 Nc6 12.Nc2 Rac8 13.Ne3 Qb8 14.a4 Rfe8 15.h3 Na7
16.a5 Bc6 17.Ncd5 Nxd5 18.Nxd5 e6 19.Nb6 Bxg2 20.Kxg2 Rc6 21.Be3 Nc8 22.Qd2 Qc7
23.Rfd1 Qe7 24.Qb4 Bf8 25.Na4 f5 26.Qd2 Qf7 27.f3 Ne7 28.Qb4 Nc8 29.Qd2 Ne7
30.Qb4  1/2-1/2

[Event "8th Parsvnath Open"]
[Site "New Delhi IND"]
[Date "2010.01.22"]
[Round "11"]
[White "Hegde,R1"]
[Black "Manik,M"]
[Result "1/2-1/2"]
[WhiteElo "2208"]
[BlackElo "2435"]

1.Nf3 Nf6 2.c4 g6 3.g3 Bg7 4.Bg2 O-O 5.O-O d5 6.cxd5 Nxd5 7.Nc3 c5 8.Nxd5 Qxd5
9.d3 Nc6 10.Be3 Qd6 11.Nd2 Nd4  1/2-1/2

[Event "ch-UKR b18"]
[Site "Kyiv UKR"]
[Date "2010.01.30"]
[Round "7"]
[White "Kraschenko,A"]
[Black "Sivuk,V"]
[Result "0-1"]
[WhiteElo "2045"]
[BlackElo "2346"]

1.c4 Nf6 2.Nf3 g6 3.g3 Bg7 4.Bg2 O-O 5.O-O d6 6.Nc3 e5 7.d3 Nh5 8.e4 Nc6
9.Nd5 Bg4 10.h3 Bxf3 11.Bxf3 Nf6 12.Be3 Qd7 13.Bg2 Ne7 14.Qd2 Nfxd5 15.cxd5 f5
16.f4 Rae8 17.Rae1 Qb5 18.b3 c5 19.Kh2 a5 20.fxe5 Bxe5 21.Bf4 Bxf4 22.Rxf4 Qb4
23.Qxb4 axb4 24.e5 Nc8 25.e6 Ne7 26.h4 Ra8 27.Re2 Kg7 28.d4 b6 29.Ref2 Ra7
30.dxc5 bxc5 31.Rd2 Rfa8 32.Rff2 Ng8 33.Bf3 Nf6 34.Rc2 Rf8 35.Kh3 h6 36.Rcd2 g5
37.hxg5 hxg5 38.Kh2 Kg6 39.Kg1 g4 40.Bg2 Nh5 41.Rd3 Rfa8 42.Re3 Ng7 43.Ree2 Ra3
44.Bf1 c4 45.bxc4 Rxg3+ 46.Rg2 Rxg2+ 47.Rxg2 Kf6 48.Rb2 Ra4 49.Bd3 f4 50.Bc2 Ra3
51.Rxb4 Rg3+ 52.Kf1 Rc3 53.Bh7 f3 54.c5 g3 55.Bc2 Rxc5 56.Rf4+ Ke5 57.Rxf3 Rxc2
58.Rf7 Ne8 59.Kg1 Kxd5 60.e7 Ke6 61.Rf3 Kxe7 62.Re3+ Kd7 63.Rxg3 Rxa2 64.Rb3 d5
65.Kf1 Nd6 66.Ke1 Kc6 67.Kd1 Kc5 68.Rc3+ Kd4 69.Rh3 Kc4 70.Rh6 Ne4 71.Rh4 Rg2
72.Rf4 Kd4 73.Rh4 Kd3  0-1

[Event "TCh-Eur Seniors"]
[Site "Dresden GER"]
[Date "2010.02.12"]
[Round "3"]
[White "Jorgensen,J"]
[Black "Kugelmann,W"]
[Result "1/2-1/2"]
[WhiteElo "2339"]
[BlackElo "2210"]

1.Nf3 Nf6 2.g3 g6 3.Bg2 Bg7 4.c4 O-O 5.d4 d6 6.O-O Nbd7 7.Nc3 e5 8.h3 c6
9.Be3 Re8 10.Qc2 exd4 11.Bxd4 Ne5 12.Nd2 c5 13.Bxe5 dxe5 14.Nb3 Bf5 15.Qc1 Qe7
16.Rd1 Rad8 17.Nd5 Nxd5 18.cxd5 b6 19.e4 Bc8 20.a4 f5 21.Nd2 Bh6 22.Qc4 Kh8
23.Qc3 Bxd2 24.Rxd2 Kg8 25.Bf1 fxe4 26.Re1 a6 27.Rxe4 Bf5 28.Re3 Qd6 29.Kh2 Bd7
30.Bxa6 Bxa4 31.Rde2 b5 32.Bb7 Re7 33.Bc6 b4 34.Qc4 Bxc6 35.dxc6+ Kg7 36.Rc2 Qxc6
37.Qe2 Qd5 38.f4 e4 39.Rc4 Qd1 40.Qxd1 Rxd1 41.Re2 e3 42.Kg2 Rd5  1/2-1/2

[Event "Uxbridge Int Morphy"]
[Site "Uxbridge ENG"]
[Date "2010.02.14"]
[Round "3"]
[White "McNab,C"]
[Black "Zhou,Y"]
[Result "1-0"]
[WhiteElo "2475"]
[BlackElo "2279"]

1.c4 Nf6 2.Nf3 g6 3.g3 Bg7 4.Bg2 O-O 5.O-O d6 6.d4 Nbd7 7.Nc3 e5 8.e4 a6
9.Qc2 exd4 10.Nxd4 Re8 11.Rd1 Rb8 12.h3 Qe7 13.Re1 Ne5 14.Bg5 c6 15.b3 h6
16.Be3 c5 17.Nde2 b5 18.cxb5 axb5 19.Rad1 b4 20.Na4 Bb7 21.f3 Bc6 22.Nb2 Ra8
23.Nd3 Ned7 24.Bf4 g5 25.Nxb4 gxf4 26.Nxc6 Qf8 27.b4 fxg3 28.Nxg3 Ne5 29.Nxe5 Rxe5
30.f4 Re6 31.bxc5 dxc5 32.e5 Rae8 33.Re2 c4 34.Qxc4 Nh7 35.Be4 Qa3 36.Qd3 Qa7+
37.Kh2 Nf8 38.Rg1 Ng6 39.Nh5 Qe7 40.Bxg6  1-0

[Event "Uxbridge Int Morphy"]
[Site "Uxbridge ENG"]
[Date "2010.02.14"]
[Round "3"]
[White "Tserendorj,S"]
[Black "Brown,Th"]
[Result "0-1"]
[WhiteElo "2019"]
[BlackElo "2064"]

1.c4 Nf6 2.g3 g6 3.Bg2 Bg7 4.Nf3 O-O 5.O-O d6 6.Nc3 c6 7.d3 Qa5 8.h3 d5 9.cxd5 cxd5
10.a3 Nc6 11.d4 Ne4 12.Bd2 Qd8 13.e3 f5 14.Qb3 e6 15.Rfd1 g5 16.Ne2 Qe8 17.Nh2 Bd7
18.Bc3 Rb8 19.Rac1 Ne7 20.Qa2 Ng6 21.Bf3 Qf7 22.Bb4 Rfc8 23.Be1 Bc6 24.b3 f4
25.Bg4 fxe3 26.fxe3 Bf8 27.Nc3 Bd6 28.Qg2 Ne7 29.Nxe4 dxe4 30.Bb4 Bxb4 31.axb4 h5
32.Rf1 Qg6 33.Bd1 Nd5 34.Qe2 Nxb4 35.Qxh5 Qxh5 36.Bxh5 Bd5 37.Ng4 Rxc1 38.Rxc1 Nc6
39.b4 a6 40.Rc5 b6 41.Rc1 Kg7 42.Ne5 Nxe5 43.dxe5 Rb7 44.Be2 a5 45.b5 a4
46.Ra1 Ra7 47.Re1 Bb3 48.h4 gxh4 49.gxh4 Rc7 50.Ra1 Rc5 51.Bd1 Bxd1 52.Rxd1 Rxb5
53.Rd4 a3  0-1

[Event "TCh-Eur Seniors"]
[Site "Dresden GER"]
[Date "2010.02.15"]
[Round "6"]
[White "Norman,K"]
[Black "Gunnarsson,M"]
[Result "1/2-1/2"]
[WhiteElo "2172"]
[BlackElo "2107"]

1.Nf3 Nf6 2.c4 g6 3.g3 Bg7 4.Bg2 O-O 5.O-O d5 6.cxd5 Nxd5 7.d4 c6 8.e4 Nb6
9.h3 N8d7 10.Nc3 Re8 11.a4 a5 12.b3 Nf8 13.Be3 Be6 14.Rc1 Rc8 15.Kh2 f5 16.Ng5 fxe4
17.Bxe4 Bd5 18.Bb1 e5 19.dxe5 Rxe5 20.Bf4 Rxg5 21.Bxg5 Qxg5 22.h4 Qe5 23.Nxd5 Nxd5
24.Qg4 Qe6 25.Qf3 Qf6 26.Qg4 Re8 27.Bd3 Qd4 28.Qxd4 Bxd4 29.Bc4 Rd8 30.Rcd1 c5
31.Rfe1 Kf7 32.Kg2 Kf6 33.Rd3 Ne6 34.Rf3+ Ke7 35.h5 Kd6 36.Rf7 Ng5 37.Rxb7 gxh5
38.Ra7 Nb6 39.Ra6 Kc7 40.Re7+ Rd7 41.Ra7+ Kd6 42.Rexd7+ Nxd7 43.Rxa5 Ne4
44.Ra6+ Kc7 45.f3 Nd2 46.Bf7 Ne5 47.Bd5 h4 48.gxh4 Ng6 49.Kg3 Nf1+ 50.Kg4 Ne3+
51.Kg5 Nxd5 52.Ra7+ Kd6 53.Rxh7 Nf8 54.Rh6+  1/2-1/2

[Event "BSF 75th Ann."]
[Site "Bronshoj DEN"]
[Date "2010.02.17"]
[Round "4"]
[White "Teplyi,I"]
[Black "Skovgaard,Pe2"]
[Result "1-0"]
[WhiteElo "2305"]
[BlackElo "2279"]

1.Nf3 Nf6 2.c4 g6 3.g3 Bg7 4.Bg2 O-O 5.O-O d6 6.Nc3 Nbd7 7.Rb1 e5 8.d3 Nb6
9.b3 Re8 10.e4 a5 11.h3 c6 12.Ba3 c5 13.Nb5 Ra6 14.Bc1 h6 15.a3 Nbd7 16.Bd2 Nf8
17.b4 axb4 18.axb4 Bd7 19.Ra1 Rxa1 20.Qxa1 Bxb5 21.cxb5 c4 22.dxc4 Nxe4 23.Qa7 Qe7
24.Be3 f5 25.Nd2 Nxd2 26.Bd5+ Kh7 27.Bxd2 Rc8 28.Rc1 Rc7 29.Qb6 Rd7 30.Ra1 Ne6
31.Ra7 Nd8 32.Be3 Kh8 33.Kg2 Kh7 34.Bd2 Kh8 35.Ra8 Kh7 36.Rb8 Rc7 37.h4 Rd7
38.Bc3 Bf6 39.Bd2 Bg7 40.Bc1 Bf6 41.Qe3 Qg7 42.Qe2 e4 43.h5 gxh5 44.Qxh5 Qg6
45.Qh3 Rg7 46.Bxh6 Qxh6 47.Qxf5+ Rg6 48.Bxe4 Kg7 49.Qd7+ Nf7 50.Rxb7 Rxg3+
51.fxg3 Qd2+ 52.Kh3 Qh6+ 53.Kg4 Qg5+ 54.Kf3 Qh5+ 55.Qg4+  1-0

[Event "Uxbridge Int Petrosian"]
[Site "Uxbridge ENG"]
[Date "2010.02.17"]
[Round "8"]
[White "Campbell,E"]
[Black "De Coverly,R"]
[Result "1/2-1/2"]
[WhiteElo "1954"]
[BlackElo "2109"]

1.Nf3 Nf6 2.c4 g6 3.g3 Bg7 4.Bg2 O-O 5.O-O d6 6.d4 Nc6 7.Nc3 Rb8 8.h3 Bd7
9.e4 Qc8 10.Kh2 e5 11.Be3 exd4 12.Nxd4 a6 13.f4 Re8 14.Qd2 Nxd4 15.Bxd4 Bc6
16.Rae1 b5 17.cxb5 axb5 18.b4 Qb7 19.a4 Nxe4 20.Bxe4 bxa4 21.Bxg7 Kxg7 22.Qd4+ f6
23.b5 Bxe4 24.Nxe4 Re6 25.Nxf6 c5 26.Nh5+ Kg8 27.Qc4 d5 28.Qc2 Rxe1 29.Rxe1 gxh5
30.Qf5 Rf8 31.Qg5+ Qg7 32.Qxd5+ Qf7 33.Qg5+ Qg7 34.Qxh5  1/2-1/2